Bekannte Persönlichkeiten aus Niedersachsen - Statistiken

Allgemein
  • Dieses Quiz wurde 162 mal gespielt
  • Das Durchschnittsergebnis liegt bei 9 aus 20
Antwortstatistiken
Geburtsjahr Geburtsort Hinweis Person % Korrekt
1948 Emden ostfriesischer Komiker Otto Waalkes
87%
1991 Hannover Sängerin, gewann 2010 den Eurovision Song Contest Lena Meyer-Landrut
85%
1954 Berne Musiker und -produzent, "Poptitan" und Castingshow-Juror Dieter Bohlen
79%
1983 Oldenburg Fernsehmoderator und Schauspieler, oft gemeinsam mit Joko Winterscheidt zu sehen Klaas Heufer-Umlauf
76%
1965 Köhlen (Geestland) Fernsehmoderatorin und Musikerin ("Inas Nacht") Ina Müller
60%
1777 Braunschweig Mathematiker und Physiker, Begründer der Normalverteilung (Glockenkurve) Carl Friedrich Gauß
56%
1964 Leer Sänger von Scooter H.P. Baxxter
56%
1980 Delmenhorst Sängerin, erst mit englischen, aktuell mit deutschsprachigen Titeln erfolgreich Sarah Connor
56%
1816 Lenthe (Gehrden) Begründer der modernen Elektrotechnik, gründete einen der größten deutschen Konzerne Werner von Siemens
53%
1843 Clausthal(-Zellerfeld) Mediziner, entdeckte mehrere Krankheitserreger (Tuberkulose, Milzbrand) Robert Koch
50%
1967 Wildeshausen Komiker ("RTL Samstag Nacht"), Fernsehmoderator ("Nicht nachmachen!"), Musiker (Die Doofen) Wigald Boning
44%
1976 Algermissen Hollywood-Schauspielerin, spielte u.a. die Helena in "Troja" Diane Kruger
37%
1987 Osnabrück International erfolgreicher DJ ("Sugar") Robin Schulz
34%
1906 Linden (Hannover) Politische Theoretikerin und Publizistin, setzte sich u.a. mit dem Totalitarismus der NS-Diktatur auseinander, vor der sie selbst fliehen musste Hannah Arendt
30%
1977 Braunschweig Webvideoproduzent mit dem meistabonnierten deutschen YouTube-Kanal zwischen 2014 und 2016 Gronkh (Erik Range)
27%
1955 Hannover Filmemacherin und Schriftstellerin ("Männer", "Kirschblüten – Hanami") Doris Dörrie
25%
1956 Twistringen Fersehmoderator und -kommentator, zwischen 1988 und 2017 Sportschau-, von 1999 bis 2014 Talkshow-Moderator Reinhold Beckmann
18%
1750 / 1738 Hannover Schwester und Bruder, Astronomen, entdeckten unter anderem den Planeten Uranus {Caroline} & {Wilhelm Herschel}
11%
1967 Stade Journalist und Fernsehmoderator, oft in Tier- und Naturdokumentationen zu sehen (darunter "Terra X") Dirk Steffens
11%
1907 Hannover Fliegerin, umrundete 1932 im Alleinflug die Welt Elly Beinhorn
11%
Keine übereinstimmenden Quizze gefunden
Verteilung der Resultate
Anzahl Personen mit jedem Resultat
Perzentil nach korrekt beantworteten Fragen
Ihre Resultats-Entwicklung
Sie haben dieses Quiz noch nicht gespielt